Les districts et régions autonomes du Portugal - Statistiques

Statistiques générales
  • Ce quiz a été pris 60 fois
  • Le résultat moyen est 12 sur 20
Réponses sur la Carte
Les réponses sont colorées sur une échelle allant du rouge au vert en fonction du pourcentage des utilisateurs qui les ont devinées à leur premier essai. Vous pouvez retrouver ces pourcentages ci-dessous.
 
Statistiques - réponses
Réponse % Correct
Porto
97%
Açores
88%
Faro
88%
Braga
79%
Lisboa
76%
Coimbra
71%
Madeira
71%
Setúbal
62%
Viana do Castelo
59%
Beja
50%
Aveiro
47%
Castelo Branco
47%
Leiria
47%
Viseu
47%
Vila Real
41%
Bragança
38%
Évora
38%
Portalegre
38%
Santarém
38%
Guarda
35%
Aucun quiz correspondant
Distribution des résultats
% des personnes avec chaque résultat
Percentile par nombre de réponses
Votre historique - résultats
Vous n’avez pas pris ce quiz